Politeia : (Record no. 111173)

MARC details
000 -LEADER
campo de control de longitud fija 01758nam a2200349 i 4500
001 - NÚMERO DE CONTROL
campo de control 111173
003 - IDENTIFICADOR DE NÚMERO DE CONTROL
campo de control ES-MaACL
005 - FECHA Y HORA DE LA ÚLTIMA TRANSACCIÓN
campo de control 20251121121225.0
008 - DATOS DE LONGITUD FIJA--INFORMACIÓN GENERAL
campo de control de longitud fija 220301s2020 sp a 001 0 spa
020 ## - NÚMERO INTERNACIONAL ESTÁNDAR DEL LIBRO
Número Internacional Estándar del Libro 978-84-17971-59-5
020 ## - NÚMERO INTERNACIONAL ESTÁNDAR DEL LIBRO
Número Internacional Estándar del Libro 978-84-17971-77-9
080 ## - NÚMERO DE LA CLASIFICACIÓN DECIMAL UNIVERSAL
Número de la Clasificación Decimal Universal 930.85
245 00 - MENCIÓN DEL TÍTULO
Título Politeia :
Resto del título 50 años de cultura (1969-2019) /
Mención de responsabilidad, etc. coordinador de la edición, Miguel Satrústegui ; [edición al cuidado de María Cifuentes].
246 3# - FORMA VARIANTE DEL TITULO
Título propio/Titulo breve Fundación Politeia :
Resto del título 50 años de cultura, 1969-2019
250 ## - MENCION DE EDICION
Mención de edición 1ª ed.
260 ## - PUBLICACIÓN, DISTRIBUCIÓN, ETC.
Lugar de publicación, distribución, etc. Barcelona :
Nombre del editor, distribuidor, etc. Galaxia Gutenberg,
Fecha de publicación, distribución, etc. 2020.
300 ## - DESCRIPCIÓN FÍSICA
Extensión 2 v. :
Otras características físicas il., mapas ;
Dimensiones 25 cm.
500 ## - NOTA GENERAL
Nota general Índice disponible en Dialnet.
504 ## - NOTA DE BIBLIOGRAFÍA, ETC.
Nota de bibliografía, etc. Referencias bibliográficas.
505 8# - NOTA DE CONTENIDO CON FORMATO
Nota de contenido con formato Contiene: I. De los orígenes del hombre al mundo del Renacimiento (606 p.) - II. De la época del Barroco al mundo contemporáneo (672 p.)
594 ## - Nota al título y mención de responsabilidad
Nota al título y mención de responsabilidad Conmemora el cincuentenario de los cursos de Politeia, que Jorgina Gil-Delgado inició en 1969-1970
594 ## - Nota al título y mención de responsabilidad
Nota al título y mención de responsabilidad Recoge 90 conferencias pronunciadas en el aula de Politeia
650 #4 - PUNTO DE ACCESO ADICIONAL DE MATERIA--TÉRMINO DE MATERIA
Término de materia o nombre geográfico como elemento de entrada Civilización-
Subdivisión general Historia
9 (RLIN) 11082
700 1# - ENTRADA AGREGADA--NOMBRE PERSONAL
Nombre de persona Satrústegui, Miguel (
Fechas asociadas al nombre 1949-)
9 (RLIN) 174257
700 1# - ENTRADA AGREGADA--NOMBRE PERSONAL
Nombre de persona Cifuentes de Castro, María
9 (RLIN) 174259
710 2# - ENTRADA AGREGADA--NOMBRE DE ENTIDAD CORPORATIVA
Nombre de entidad corporativa o nombre de jurisdicción como elemento de entrada Fundación Politeia.
9 (RLIN) 174258
852 4# - LOCALIZACIÓN
Ubicación ES-MaACL
Número de control de estantería A-14912
itemnumber 115388
Sublocalización o colección R.152954
Ubicación en estantería Depósito 1
Signatura antigua Olim: N-7912
Donativo/Legado Donación: Editorial
Designación de la unidad física Vol.1
Encuadernación Encuadernación en cartone
852 4# - LOCALIZACIÓN
Ubicación ES-MaACL
Número de control de estantería A-14913
Sublocalización o colección R.152954
Ubicación en estantería Depósito 1
Signatura antigua Olim: N-7913
Donativo/Legado Donacion: Editorial
Designación de la unidad física Vol.2
Encuadernación Encuadernación en cartone
itemnumber 201106
856 4# - LOCALIZACIÓN Y ACCESO ELECTRÓNICOS
Identificador Uniforme de Recursos <a href="https://dialnet.unirioja.es/servlet/libro?codigo=779770&utm_source=catalogo.bne.es&utm_medium=libro&utm_campaign=Dialnet_Widgets">https://dialnet.unirioja.es/servlet/libro?codigo=779770&utm_source=catalogo.bne.es&utm_medium=libro&utm_campaign=Dialnet_Widgets</a>
Texto de enlace Índice (Dialnet)
942 ## - ELEMENTOS DE ENTRADA SECUNDARIOS (KOHA)
Fuente del sistema de clasificación o colocación Clasificación decimal universal
Holdings
Estatus retirado Estado de pérdida Fuente del sistema de clasificación o colocación Estado de daño No para préstamo Colección Biblioteca de origen Biblioteca actual Ubicación en estantería Fecha de adquisición Fuente de adquisición Enumeración/cronología de publicación seriada Total de préstamos Signatura topográfica completa Código de barras Visto por última vez Precio de reemplazo Tipo de ítem Koha
    Clasificación decimal universal     Colección digital Biblioteca del Ateneo de Madrid Biblioteca del Ateneo de Madrid Depósito 1 01/03/2022 Donación v.1   A-14912 1202869 23/02/2023 23/02/2023 Libro impreso
    Clasificación decimal universal     Colección digital Biblioteca del Ateneo de Madrid Biblioteca del Ateneo de Madrid Depósito 1 26/01/2024 Donación v.2   A-14913 101206430 26/01/2024 26/01/2024 Libro impreso